000
00294nam a2200109Ia 4500
008
200302s9999 xx 000 0 und d
100
_a
Wilbert R. Hasbrouck
245
_a
The Chicago Architectural Club Prelude to the Modern
260
_b
The Monacelli Press Inc.
260
_c
2005
300
_a
639
999
_c
3790
_d
3790